Be very prepared (Record no. 74117)
[ view plain ]
| 000 -LEADER | |
|---|---|
| fixed length control field | 01486cab a2200241 4500 |
| 001 - CONTROL NUMBER | |
| control field | ABS67407 |
| 008 - FIXED-LENGTH DATA ELEMENTS--GENERAL INFORMATION | |
| fixed length control field | 040205n2004 000 0 eng u |
| 035 ## - SYSTEM CONTROL NUMBER | |
| System control number | (Sirsi) u125042 |
| 100 ## - MAIN ENTRY--PERSONAL NAME | |
| Personal name | Howe, G. |
| 245 ## - TITLE STATEMENT | |
| Title | Be very prepared |
| 260 ## - PUBLICATION, DISTRIBUTION, ETC. | |
| Date of publication, distribution, etc. | 2004 |
| 490 ## - SERIES STATEMENT | |
| Series statement | Premises and Facilities Management |
| Volume/sequential designation | January 2004 27-28(2) |
| 520 ## - SUMMARY, ETC. | |
| Summary, etc. | Argues the importance of Business Continuity (BC) planning and its relevance to many organisations. Illustrates this with figures from the Business Continuity Institute that show 26% of companies were affected by the loss of key people, 24% suffered a loss of IT capacity and 17% suffered negative publicity as a result of a continuity issue. Although terrorism is cited by 34% of organisations as a reason for BC only 2% of incidents are as a direct result of terrorist attack. Awareness of business continuity appears to be low and this is partially caused by the fragmented nature of the BC market that have led to the creation of many different associations with no cohesive message. Also there is no BC standard to which organisations have to comply so there is little confidence amongst organisations that plans are being regularly updated. |
| 590 ## - LOCAL NOTE (RLIN) | |
| Local note | ABS |
| 650 ## - SUBJECT ADDED ENTRY--TOPICAL TERM | |
| Topical term or geographic name entry element | BUSINESS CONTINUITY |
| 650 ## - SUBJECT ADDED ENTRY--TOPICAL TERM | |
| Topical term or geographic name entry element | MANAGEMENT-BUSINESS MANAGEMENT |
| 650 ## - SUBJECT ADDED ENTRY--TOPICAL TERM | |
| Topical term or geographic name entry element | BUSINESS CONTINUITY MANAGEMENT |
| 650 ## - SUBJECT ADDED ENTRY--TOPICAL TERM | |
| Topical term or geographic name entry element | DISASTER PLANNING |
| 650 ## - SUBJECT ADDED ENTRY--TOPICAL TERM | |
| Topical term or geographic name entry element | RISK ASSESSMENT |
| 650 ## - SUBJECT ADDED ENTRY--TOPICAL TERM | |
| Topical term or geographic name entry element | IT SYSTEMS |
| 690 ## - LOCAL SUBJECT ADDED ENTRY--TOPICAL TERM (OCLC, RLIN) | |
| Topical term or geographic name as entry element | MANAGEMENT-BUSINESS MANAGEMENT |
| 942 ## - ADDED ENTRY ELEMENTS (KOHA) | |
| Suppress in OPAC | 0 |
| Withdrawn status | Lost status | Source of classification or shelving scheme | Damaged status | Not for loan | Home library | Current library | Shelving location | Date acquired | Total Checkouts | Full call number | Barcode | Date last seen | Copy number | Price effective from | Koha item type |
|---|---|---|---|---|---|---|---|---|---|---|---|---|---|---|---|
| Dewey Decimal Classification | London | London | Journal article | 05/02/2004 | ABS67407 | 125042-1001 | 06/08/2019 | 1 | 06/08/2019 | Journal article |